SheBelieves Cup Top 4 Positions - Women's Football - Statistics

General Stats
  • This quiz has been taken 228 times
    199 since last reset
  • The average score is 7 of 9
Answer Stats
Answer % Correct
United States
99%
England
93%
Germany
82%
Spain
79%
Canada
77%
France
76%
Japan
74%
Brazil
70%
Argentina
27%
No matching quizzes found
Score Distribution
Percent of People with Each Score
Percentile by Number Answered
Your Score History
You have not taken this quiz since the last reset